Baudelaire: la modernidad y el destino del poema
Պահպանված է:
| Հիմնական հեղինակ: | |
|---|---|
| Ձևաչափ: | Գիրք |
| Լեզու: | իսպաներեն |
| Հրապարակվել է: |
Santiago
Metales Pesados
2015
|
| Հրատարակություն: | 1a. ed |
| Խորագրեր: | |
| Ցուցիչներ: |
Ավելացրեք ցուցիչ
Չկան պիտակներ, Եղեք առաջինը, ով նշում է այս գրառումը!
|
MARC
| LEADER | 00000cam a2200000 a 4500 | ||
|---|---|---|---|
| 001 | UCD3838 | ||
| 003 | CL-VaPUC | ||
| 005 | 20230104093555.0 | ||
| 008 | 160616e20150000cl |||||||||||||||||spa|d | ||
| 999 | |c 364853 |d 364851 | ||
| 020 | |a 9789568415877 | ||
| 040 | |c Pontificia Universidad Católica de Valparaíso | ||
| 082 | 0 | 4 | |a 808.1 |b OYA |2 21 |
| 100 | |a Oyarzún Robles, Pablo |e autor |9 879655 | ||
| 245 | 1 | 0 | |a Baudelaire: la modernidad y el destino del poema |
| 250 | |a 1a. ed | ||
| 260 | |a Santiago |b Metales Pesados |c 2015 | ||
| 300 | |a 253 p | ||
| 583 | |a last modification |c 20160616 22:39:00 |k Rodrigo Vera | ||
| 600 | |a Baudelaire, Charles Pierre, |d 1821-1867 |x Crítica e interpretación |9 879654 | ||
| 650 | 0 | |a Poesía |9 265825 | |
| 650 | 7 | |a RETORICA DE LA POESIA |2 CL-VaPUC |9 454879 | |
| 942 | |c BK |2 ddc | ||
| 945 | |d 20160616 22:39:00 |a arojas | ||
| 952 | |0 0 |1 0 |3 erb |4 0 |6 808_100000000000000_OYA_2015 |7 0 |8 A |9 478449 |a BIBART |b BIBART |i 529293K |o 808.1 OYA 2015 |p 529293K |r 2025-03-13 |w 2019-11-24 |y BK |z Catalogado en:20160616 |k ART | ||